00632nam a2200205Ia 450000500170000000800410001702000290005804000190008704100120010608200130011824500890013126000430022030000170026350400190028063000230029965000470032265100300036970000170039985000100041620231123090840.0140110s9999 xx 000 0 und d a9781591144618cRs.791.21 aLoreto College aEnglish a327bLAC 4aThe canons of jihadbTerrorist's strategy for defeating AmericacEdited by Jim Lacey aAnnapolisbNaval Institute Pressc2008 ax,187pbill. aIncludes index aIslam and politics aAnti-Americanism-Islamic countries-Sources aTerrorism-History-Sources aLacey,Jim,ed aLCLIB